000 01125cam a2200217 4500
001 WB3942-11
008 031104n2003 000 0 eng u
035 _a(Sirsi) u124226
245 _aOctober house prices up 2%
260 _c2003
490 _aNationwide Press Release
_v31 October 2003 (4)
520 _aHouse prices rose by a seasonally adjusted 2% in October according to the latest "Nationwide monthly review" with the annual rate of house price inflation increasing to 16.1% from 15.5% in September. The average house price stands at £131 947. This latest, rapid price rise combined with a record level of house purchase approvals in September (£17.3bn). indicates that some strength is returning to the housing market with prospects in London improving. http://www.nationwide.co.uk/hpi/historical/MPR0310.pdf
590 _aWB
650 _aNATIONWIDE BUILDING SOCIETY
650 _aHOUSE PRICE SURVEYS
650 _aHOUSING MARKET SURVEYS
650 _aHOUSING MARKET FORECASTS
650 _aHOUSE PRICE INFLATION
690 _aPROPERTY-RESIDENTIAL PROPERTY-RESIDENTIAL PROPERTY MARKET
942 _n0
999 _c73736
_d73736